[Event "Toronto op U1600"]
[Site "Toronto"]
[Date "2014.04.20"]
[Round "6"]
[White "Kurkowski, Ken"]
[Black "Gillis, Doug"]
[Result "1/2-1/2"]
[WhiteElo "1479"]
[BlackElo "1430"]
[PlyCount "52"]
[EventDate "2014.04.18"]
[EventType "swiss"]
[EventRounds "6"]
[EventCountry "CAN"]
[SourceTitle "EXT 2022"]
[Source "ChessBase"]
[SourceDate "2021.10.06"]
[SourceVersion "1"]
[SourceVersionDate "2021.10.06"]
[SourceQuality "1"]

1. d4 e6 2. Nf3 Nf6 3. e3 d5 4. Bd3 c5 5. b3 Nc6 6. Bb2 Be7 7. Nbd2 0-0 8. 0-0 b6 9. Ne5 Bb7 10. a3 Qc7 11. f4 Nxe5 12. fxe5 Ne4 13. Nxe4 dxe4 14. Bc4 Rad8 15. Qg4 Kh8 16. Rad1 cxd4 17. Bxd4 Bxa3 18. Ra1 Bc5 19. Rxa7 Bxd4 20. exd4 Qb8 21. Raa1 Rxd4 22. Qf4 Rdd8 23. Rf2 h6 24. Raf1 Qc7 25. Qg3 Qc5 26. Kh1 Qe7 1/2-1/2

[Event "Scarborough CC Winter End U1800"]
[Site "Toronto"]
[Date "2012.03.08"]
[Round "4"]
[White "Bellomo, Joe"]
[Black "Kurkowski, Ken"]
[Result "1/2-1/2"]
[WhiteElo "1559"]
[BlackElo "1598"]
[PlyCount "84"]
[EventDate "2012.02.16"]
[EventType "swiss"]
[EventRounds "5"]
[EventCountry "CAN"]
[SourceTitle "EXT 2022"]
[Source "ChessBase"]
[SourceDate "2021.10.06"]
[SourceVersion "1"]
[SourceVersionDate "2021.10.06"]
[SourceQuality "1"]

1. e4 e5 2. Nf3 Nc6 3. Bb5 a6 4. Ba4 Nf6 5. d3 b5 6. Bb3 Bc5 7. c3 Bb6 8. 0-0 0-0 9. Bg5 d6 10. Nbd2 Bb7 11. a4 Na5 12. Bc2 c5 13. b4 cxb4 14. cxb4 Nc6 15. a5 Ba7 16. Rb1 Rc8 17. Be3 Bxe3 18. fxe3 Rc7 19. Ne1 Qe7 20. Rf3 Rfc8 21. Nf1 d5 22. Ng3 Nxb4 23. Nf5 Qc5 24. d4 Qf8 25. dxe5 Nxe4 26. Bxe4 dxe4 27. Rg3 g6 28. Nd6 Nc6 29. Nxc8 Bxc8 30. Rc1 Qe7 31. Qc2 Qxe5 32. Qc5 Qxc5 33. Rxc5 Bb7 34. h4 Rd7 35. Nc2 Rd1+ 36. Kh2 Rd2 37. h5 Kg7 38. hxg6 hxg6 39. Ne1 Nxa5 40. Nc2 Nc6 41. Rg4 Nb4 42. Nxb4 a5 1/2-1/2

[Event "Scarborough CC Falling Leaves U1800"]
[Site "Toronto"]
[Date "2011.11.10"]
[Round "2"]
[White "Joshi, Arjavkumar"]
[Black "Kurkowski, Ken"]
[Result "0-1"]
[WhiteElo "1312"]
[BlackElo "1569"]
[PlyCount "82"]
[EventDate "2011.11.03"]
[EventType "swiss"]
[EventRounds "7"]
[EventCountry "CAN"]
[SourceTitle "EXT 2022"]
[Source "ChessBase"]
[SourceDate "2021.10.06"]
[SourceVersion "1"]
[SourceVersionDate "2021.10.06"]
[SourceQuality "1"]

1. e4 e6 2. d4 d5 3. e5 c5 4. c3 Qb6 5. Nf3 Bd7 6. Be2 cxd4 7. cxd4 Bb5 8. Nc3 Bxe2 9. Nxe2 Nc6 10. a4 Nge7 11. 0-0 Nf5 12. b3 Be7 13. Bb2 0-0 14. Qd2 Rac8 15. Ng3 Nxg3 16. fxg3 Na5 17. Qe3 Qxb3 18. Qxb3 Nxb3 19. Rab1 Rc7 20. Ba3 Bxa3 21. Rxb3 Be7 22. Rbb1 Rfc8 23. Nd2 b6 24. Nb3 Rc4 25. a5 Rb4 26. axb6 axb6 27. Na1 Rxd4 28. Rxb6 Bc5 29. Rbb1 Rf4+ 30. Kh1 Rxf1+ 31. Rxf1 Bd4 32. Nb3 Bxe5 33. Rc1 Rxc1+ 34. Nxc1 Kf8 35. Kg1 Ke7 36. Kf2 Kd6 37. Nd3 Bf6 38. h4 h5 39. Nf4 g6 40. Kf3 e5 41. Nd3 e4+ 0-1

[Event "Scarborough CC Spring Into Summer U1700"]
[Site "Toronto"]
[Date "2011.05.19"]
[Round "3"]
[White "Kurkowski, Ken"]
[Black "Yie, Kevin Yi Xiao"]
[Result "1/2-1/2"]
[WhiteElo "1516"]
[BlackElo "1460"]
[PlyCount "95"]
[EventDate "2011.04.28"]
[EventType "swiss"]
[EventRounds "9"]
[EventCountry "CAN"]
[SourceTitle "EXT 2022"]
[Source "ChessBase"]
[SourceDate "2021.10.06"]
[SourceVersion "1"]
[SourceVersionDate "2021.10.06"]
[SourceQuality "1"]

1. d4 Nf6 2. c4 e6 3. Nf3 d5 4. Bg5 Nbd7 5. e3 Bb4+ 6. Nc3 0-0 7. Bd3 a6 8. 0-0 dxc4 9. Bxc4 b5 10. Bd3 Bb7 11. Qc2 h6 12. Bh4 c5 13. dxc5 Nxc5 14. Rad1 Qe7 15. a3 Bxc3 16. Qxc3 Bxf3 17. Bxf6 Qxf6 18. Qxf6 gxf6 19. gxf3 Rfd8 20. Bc2 Rac8 21. Rxd8+ Rxd8 22. Rd1 Rxd1+ 23. Bxd1 Nd3 24. b4 Kf8 25. Kf1 Ke7 26. Ke2 Ne5 27. Bb3 Ng6 28. f4 f5 29. Kd3 Kd7 30. Kd4 Kd6 31. f3 f6 32. Kd3 Nh4 33. Bd1 Ng6 34. Bb3 e5 35. fxe5+ fxe5 36. e4 fxe4+ 37. fxe4 Nf4+ 38. Ke3 Kc6 39. Bf7 Kb6 40. Bb3 Kc6 41. Bf7 Kd6 42. Be8 Ne6 43. a4 Nd4 44. axb5 axb5 45. Kd3 Nc6 46. Bxc6 Kxc6 47. Ke3 Kd6 48. Kf3 1/2-1/2

[Event "Toronto Howard Ridout Swiss U2000"]
[Site "Toronto"]
[Date "2010.09.23"]
[Round "3"]
[White "Gillis, Doug"]
[Black "Kurkowski, Ken"]
[Result "1/2-1/2"]
[WhiteElo "1675"]
[BlackElo "1638"]
[PlyCount "37"]
[EventDate "2010.09.09"]
[EventType "swiss"]
[EventRounds "6"]
[EventCountry "CAN"]
[SourceTitle "EXT 2022"]
[Source "ChessBase"]
[SourceDate "2021.10.06"]
[SourceVersion "1"]
[SourceVersionDate "2021.10.06"]
[SourceQuality "1"]

1. d4 d5 2. Nc3 e6 3. e4 Nf6 4. Bg5 Bb4 5. exd5 Bxc3+ 6. bxc3 exd5 7. Bd3 b6 8. Qe2+ Qe7 9. Qxe7+ Kxe7 10. Nf3 h6 11. Bxf6+ Kxf6 12. 0-0 Nd7 13. Rfe1 Bb7 14. Re3 Rhe8 15. Rae1 Re6 16. Nh4 Rae8 17. Rxe6+ Rxe6 18. Rxe6+ fxe6 19. f4 1/2-1/2

[Event "Scarborough CC LH Summer op"]
[Site "Toronto"]
[Date "2010.06.03"]
[Round "5"]
[White "Kurkowski, Ken"]
[Black "Song, Michael"]
[Result "0-1"]
[WhiteElo "1630"]
[BlackElo "1927"]
[PlyCount "77"]
[EventDate "2010.04.29"]
[EventType "swiss"]
[EventRounds "8"]
[EventCountry "CAN"]
[SourceTitle "EXT 2022"]
[Source "ChessBase"]
[SourceDate "2021.10.06"]
[SourceVersion "1"]
[SourceVersionDate "2021.10.06"]
[SourceQuality "1"]

1. d4 f5 2. Nc3 Nf6 3. Bg5 e6 4. e4 fxe4 5. Nxe4 Be7 6. Bd3 Nxe4 7. Bxe7 Qxe7 8. Bxe4 0-0 9. Nf3 d5 10. Bd3 c5 11. c3 cxd4 12. cxd4 Nc6 13. a3 e5 14. dxe5 Nxe5 15. Nxe5 Qxe5+ 16. Qe2 Qf4 17. 0-0 Bg4 18. f3 Bd7 19. Qc2 g6 20. Rae1 Qd4+ 21. Kh1 Rfe8 22. Rxe8+ Rxe8 23. Qb1 Re3 24. Rd1 Qe5 25. h3 Qg3 26. Bf1 Bc6 27. Qc1 Qe5 28. Qc5 Re1 29. Rxe1 Qxe1 30. Kg1 a6 31. Qf2 Qe5 32. Qe2 Qf6 33. Qd2 Qe6 34. Qe2 Kf7 35. Qxe6+ Kxe6 36. Kf2 Ke5 37. Bd3 Kd4 38. Ke2 a5 39. b4 0-1

[Event "Scarborough CC-ch Reserves op"]
[Site "Toronto"]
[Date "2010.02.25"]
[Round "1"]
[White "Kurkowski, Ken"]
[Black "Song, Michael"]
[Result "0-1"]
[WhiteElo "1623"]
[BlackElo "1858"]
[PlyCount "67"]
[EventDate "2010.02.25"]
[EventType "swiss"]
[EventRounds "9"]
[EventCountry "CAN"]
[SourceTitle "EXT 2022"]
[Source "ChessBase"]
[SourceDate "2021.10.06"]
[SourceVersion "1"]
[SourceVersionDate "2021.10.06"]
[SourceQuality "1"]

1. d4 d5 2. c4 dxc4 3. Nf3 Nf6 4. e3 e6 5. Bxc4 c5 6. 0-0 Nc6 7. Nc3 a6 8. dxc5 Bxc5 9. a3 b5 10. Bd3 Bb7 11. b4 Bb6 12. Bb2 0-0 13. Qc2 Ne7 14. e4 Ng6 15. Rad1 Qc7 16. h3 Nh5 17. a4 Ngf4 18. axb5 Nxh3+ 19. Kh1 Nxf2+ 20. Rxf2 Ng3+ 21. Kg1 Rac8 22. bxa6 Ba8 23. Rc1 Qf4 24. Qd1 Qh6 25. Nh2 Bxf2+ 26. Kxf2 Qxh2 27. Qg4 f5 28. Qh3 fxe4+ 29. Ke3 Nf5+ 30. Ke2 exd3+ 31. Qxd3 Qxg2+ 32. Ke1 Ng3 33. Rc2 Rf1+ 34. Qxf1 0-1

[Event "Toronto Howard Ridout op"]
[Site "Toronto"]
[Date "2009.10.29"]
[Round "8"]
[White "Radpey, Abdolreza"]
[Black "Kurkowski, Ken"]
[Result "0-1"]
[WhiteElo "1488"]
[BlackElo "1690"]
[PlyCount "54"]
[EventDate "2009.09.10"]
[EventType "swiss"]
[EventRounds "8"]
[EventCountry "CAN"]
[SourceTitle "EXT 2011"]
[Source "ChessBase"]
[SourceDate "2010.11.26"]
[SourceVersion "1"]
[SourceVersionDate "2010.11.26"]
[SourceQuality "1"]

1. Nf3 f5 2. c4 Nf6 3. d4 d5 4. cxd5 Nxd5 5. Nc3 e6 6. Bg5 Be7 7. Bxe7 Qxe7 8. Ne5 0-0 9. e3 Nd7 10. Nxd5 exd5 11. f4 Nxe5 12. fxe5 Qh4+ 13. g3 Qe4 14. Qe2 Qxh1 15. 0-0-0 Be6 16. Bh3 Qe4 17. Rf1 g5 18. Kd2 c5 19. Qh5 cxd4 20. Qxg5+ Kh8 21. Rc1 Qxe3+ 22. Qxe3 dxe3+ 23. Kxe3 f4+ 24. gxf4 Bxh3 25. Rc7 b6 26. Rc6 d4+ 27. Ke4 Bg2+ 0-1